000
00218nam a22000977a 4500
003
OSt
008
210118b ||||| |||| 00| 0 eng d
100
_a
Varkey, Ponkunnam
_9
1741
245
_a
Swargam nanikkunnu
942
_c
BK
999
_c
16657
_d
16657